Science and technology. [Zv.1.], Teacher's book

Hlavní autor: Homolová, Eva
Jazyk: Slovenština
Vydáno: Banská Bystrica : Metodické centrum, 1992
Témata:
Fyzický popis: 10 s.
Knihy
Uloženo v:
LEADER 01035nam a2200313 a 4500
001 000029112
003 CZ BrMZK
005 20250325103652.0
008 950707s1992 xo f f 0 slo d
020 |a 80-85415-27-5 
040 |a BOA001  |b cze 
072 7 |a 811.111  |x Angličtina  |2 Konspekt  |9 11 
080 |a 811.111  |2 MRF 
080 |a 81'42'373.46  |2 MRF 
080 |a (072)  |2 MRF 
100 1 |a Homolová, Eva  |7 mzk2012733215 
245 1 0 |a Science and technology.  |n [Zv.1.],  |p Teacher's book 
246 3 0 |a Teacher's book 
260 |a Banská Bystrica :  |b Metodické centrum,  |c 1992 
300 |a 10 s. 
650 0 7 |a angličtina  |7 ph114056  |2 czenas 
650 0 7 |a odborné texty  |7 ph123679  |2 czenas 
650 0 9 |a English language  |2 eczenas 
650 0 9 |a professional texts  |2 eczenas 
655 7 |a metodické příručky  |7 fd132826  |2 czenas 
655 9 |a methodological manuals  |2 eczenas 
910 |a BOA001  |b PK-N-0030.018,1 
990 |a BK 
996 7 |b 3119990096  |c PK-N-0030.018/1  |l MZK  |r Sklad / do 1 hodiny  |n 0  |w 000029112  |u 000010  |a 1  |e BOA001  |j MZK50  |s A